000 00620nam a22002057a 4500
999 _c11313
_d11313
003 AR-CdUCM
008 190403b ||||| |||| 00| 0 spa d
040 _aMUNICIPALIDAD PROVINCIAL DEL CUSCO
_cBIBLIOTECA MUNICIPAL DEL CUSCO
082 _aC / 869.501 /
_bC94P
100 _aCuba Macedo, Francisco
_923341
245 _aPerlas y Abrojos :
_b(poemario) /
260 _aCusco :
_bEdiciones Orientación,
_c1971.
300 _a69 páginas ;
_c21 cm.
505 _aContenido: Poemas.
650 _aLiteratura Cusqueña
_97280
650 _aSiglo XX
_98
650 _aPoemas
_9929
942 _2ddc
_cLIBROS
945 _aachl